00310cam a22001097a 4500008004000000082001300040100002000053245005500073260004100128300001300169650001800182180718b1967 xxu||||| |||| 00| 0 eng d aF1 Sh539 aSherif, Muzafer aGroup conflict and co-operationcby Muzafer Sherif aLondonbRoutledge & Kegan Paulc1967 axv, 192p aSocial groups